| 000 | 00707nam a2200217 a 4500 | ||
|---|---|---|---|
| 005 | 20250605063847.0 | ||
| 008 | 010313s1979 es r 000 0 spa d | ||
| 035 | _aUPN01000040676 | ||
| 049 | _aCG | ||
| 050 | 4 |
_aB3313 N3.8 _bN5.58 1979 |
|
| 100 | 1 |
_aNietzsche, Friedrich Wilhelm, _d1844-1900 |
|
| 245 | 1 | 3 |
_aEl nacimiento de la tragedia, ó, Grecia y el pesimismo / _cFriedrich Nietzsche ; introd., tr. y notas Andrés Sánchez Pascual. |
| 250 | _a4a ed. | ||
| 260 |
_aMadrid : _bAlianza, _c1979. |
||
| 300 | _a278 p. | ||
| 440 | 3 |
_aEl libro de bolsillo ; _v456. _pHumanidades |
|
| 650 | 4 |
_aFilosofía moderna _98266 |
|
| 650 | 4 |
_aPESIMISMO _919157 |
|
| 740 | 0 | _aGrecia y el pesimismo | |
| 905 | _aLibro | ||
| 999 |
_c40676 _d40676 |
||